241223 - Quiz quotidien du 23 décembre 2024 - Statistiques

Statistiques générales
  • Ce quiz a été pris 70 fois
  • Le résultat moyen est 5 sur 10
Statistiques - réponses
Question Réponse % Correct
Lequel de ces événements n'est PAS une épreuve masculine en gymnastique olympique ? Poutre
73%
Qui a écrit "Charlie et la Chocolaterie" ? Roald Dahl
67%
Quel pays était autrefois connu sous le nom de Siam ? Thaïlande
67%
Dans la mythologie grecque, qui a créé l'humanité et nous a appris à utiliser le feu ? Prométhée
60%
Où est né Elon Musk ? Afrique du Sud
47%
Laquelle de ces îles se trouve dans la mer des Caraïbes ? Nevis
47%
En 2010, quel pays a rejoint le groupe BRIC pour former les BRICS ? Afrique du Sud
40%
Dans quel film de Quentin Tarantino les personnages portent-ils des noms de couleurs ? Reservoir Dogs
40%
Que signifie l'expression latine "cui bono" ? Qui en profite ?
20%
Dans quel pays le café a-t-il été infusé pour la première fois ? Yémen
7%
Aucun quiz correspondant
Distribution des résultats
% des personnes avec chaque résultat
Percentile par nombre de réponses
Votre historique - résultats
Vous n’avez pas pris ce quiz